000 00714nam a2200253Ia 4500
003 OSt
005 20220924124723.0
006 a|||||r|||| 00| 0
007 ta
008 220923b |||||||| |||| 00| 0 per d
020 _c12
024 _a326130
037 _cTextual
040 _aARTS
_cARTS
_bper
041 _2per
_aper
082 _aO164:gxN10:g, 168M3
100 _aJaisi Kabir Ahmad Au.
245 0 _aDr. Zabih-Ullah-Safa
_b hayat aur karname
260 _aNew Delhi
_b Taraqqi Urdu beuro India
_c1983
300 _a135p.
_ccm.
650 _aPERSIAN LITERATURE
_9309
942 _hO164:gxN10:g, 168M3
_cTEXL
_2CC
999 _c420715
_d420715